| 000 | 00764cam a22002417a 4500 | ||
|---|---|---|---|
| 001 | 14624417 | ||
| 003 | ARRUPE | ||
| 005 | 20130916120812.0 | ||
| 008 | 061106s2001 ph a b 100 0 eng | ||
| 010 | _a 2005406738 | ||
| 020 | _a9715018912 | ||
| 040 |
_aDLC _cDLC |
||
| 042 | _alcode | ||
| 043 | _aa-ph--- | ||
| 050 | 0 | 0 | _aMLCM 2005/01552 (B) |
| 245 | 0 | 0 |
_aTelling God's story : _bNational Mission Congress 2000, resources and documents / _c James H. Kroeger |
| 260 |
_aQuezon City, Philippines : _bClaretian Publications, _c2001. |
||
| 300 |
_aviii, 139 p. : _c23 cm. |
||
| 700 | 1 |
_aKroeger, James H. _9136 |
|
| 906 |
_a7 _bcbc _corigode _d4 _encip _f20 _gy-gencatlg |
||
| 942 |
_2lcc _cMONOGRAPH |
||
| 999 |
_c117781 _d117781 |
||